000 00206nam a2200085Ia 4500
008 211105s9999 xx 000 0 und d
020 _a"
100 _a TENNENBAUM, S.
_9125836
245 0 _aYESTERDAYS STREETS
999 _c595968
_d595967